| 000 | 00509cam a2200205ua 4500 | ||
|---|---|---|---|
| 020 | _c30.00 | ||
| 041 |
_aeng _h |
||
| 082 |
_a631.86 _bGAU/OR |
||
| 100 | _aGaur, A.C . | ||
| 245 |
_aOrganic Manueres / _cA.C.Gaur. _hTextual Documents |
||
| 250 |
_a1 / _b. |
||
| 260 |
_aNew Delhi : _bIndian Council for Agricultural Research , _c1995. |
||
| 300 | _a159 ; . | ||
| 365 | _a30.00 | ||
| 504 | _a | ||
| 700 | 1 | _aDargan, K.S . | |
| 700 | 1 | _aNeelakantan, S . | |
| 942 | _cBK | ||
| 999 |
_c1376 _d1376 |
||